Pokemon types - Multiple Choice #1 - Statistics

General Stats
  • This quiz has been taken 95 times
    94 since last reset
  • The average score is 14 of 15
Answer Stats
Question Answer % Correct
Altaria Dragon/Flying
100%
Pikachu Electric
100%
Haunter Ghost/Poison
100%
Breloom Grass/Fighting
100%
Alolan Dugtrio Ground/Steel
100%
Alolan Graveler Rock/Electric
100%
Lairon Steel/Rock
100%
Chinchou Water/Electric
100%
Gyarados Water/Flying
100%
Shedinja Bug/Ghost
90%
Dustox Bug/Poison
90%
Groudon Ground
90%
Shellder Water
90%
Togepi Fairy
80%
Corsola Water/Rock
80%
No matching quizzes found
Score Distribution
Percent of People with Each Score
Percentile by Number Answered
Your Score History
You have not taken this quiz since the last reset